History Quiz

Random History or Biography Quiz

Profile: Adolf Hitler Quiz Stats

 Plays Quiz not verified by Sporcle

Also try: Kid Leaders
Challenge
Share
Tweet
Embed
Score 0/14 Timer 05:00
0 Plays Today
Hints Facts % Correct
Born in this countryAustria
97.1%
Year Born1889
85.4%
Year Deceased1945
81.3%
Founded this political partyNational Socialist German Workers Party
79%
Year elected Chancellor of Germany1933
77.8%
Year elected Fuhrer1934
77.5%
AutobiographyMein Kampf
76.9%
Hints Facts % Correct
WifeEva Braun
70.2%
Fought during this warWorld War I
64.3%
Lead Germany during this warWorld War II
62.8%
Instituted this well known roadwayAutobahn
55.9%
Awarded this medal twice during above war for braveryIron Cross
55.3%
Year granted citizenship in Germany1932
55%
Applied here twice in hopes of becoming an artistVienna Academy of Art
10.8%

You're not logged in!

Compare scores with friends on all Sporcle quizzes.
Join for Free
OR
Log In

You Might Also Like...

Show Comments

Extras

Top Quizzes Today


Score Distribution

Your Account Isn't Verified!

In order to create a playlist on Sporcle, you need to verify the email address you used during registration. Go to your Sporcle Settings to finish the process.

Report this User

Report this user for behavior that violates our Community Guidelines.

Details: